Country by 2nd Largest City - Statistics

General Stats
  • This quiz has been taken 63 times
  • The average score is 23 of 28
Answer Stats
2nd Largest City Country % Correct
Melbourne Australia
98%
Rio de Janeiro Brazil
98%
Tel Aviv Israel
98%
Milan Italy
98%
Rotterdam Netherlands
98%
Saint Petersburg Russia
98%
Barcelona Spain
98%
Montreal Canada
97%
Kraków Poland
97%
Birmingham United Kingdom
97%
Antwerp Belgium
93%
Cork Ireland
93%
Giza Egypt
92%
Thessaloniki Greece
90%
Fez Morocco
85%
Jeddah Saudi Arabia
85%
Aleppo Syria
85%
Bergen Norway
81%
Medellín Colombia
76%
Kandahar Afghanistan
75%
Busan South Korea
73%
Mombasa Kenya
71%
Benghazi Libya
71%
Cordoba Argentina
66%
Chittagong Bangladesh
64%
Basra Iraq
64%
Arequipa Peru
44%
Kumasi Ghana
41%
No matching quizzes found
Score Distribution
Percent of People with Each Score
Percentile by Number Answered
Your Score History
You have not taken this quiz